The dynamics of social movements : resource mobilization, social control, and tactics /

Bibliographic Details
Corporate Author: Frontiers of Sociology Symposium Vanderbilt University
Other Authors: Zald, Mayer N., McCarthy, John D. (John David), 1940-
Format: Conference Proceeding Book
Language:English
Published: Cambridge, Mass. : Winthrop Publishers, [1979]
Subjects:

MARC

Tag First Indicator Second Indicator Subfields
LEADER 00000cam a2200000 i 4500
001 in00000056394
005 20151007081926.0
008 790201s1979 maua b 10100 eng
010 |a  79001393  
020 |a 0876262000 :  |c $14.95 
035 |a (OCoLC)04665143 
035 |9 AAF7112AM 
040 |a DLC  |c DLC  |d TXA  |d UtOrBLW 
049 |a TXAM  |c [1159551] 
050 0 0 |a HN16  |b .F77 1977 
111 2 |a Frontiers of Sociology Symposium  |n (5th :  |d 1977 :  |c Vanderbilt University) 
245 1 4 |a The dynamics of social movements :  |b resource mobilization, social control, and tactics /  |c edited by Mayer N. Zald, John D. McCarthy. 
264 1 |a Cambridge, Mass. :  |b Winthrop Publishers,  |c [1979] 
264 4 |c ©1979 
300 |a viii, 274 pages :  |b illustrations ;  |c 24 cm. 
336 |a text  |b txt  |2 rdacontent 
337 |a unmediated  |b n  |2 rdamedia 
338 |a volume  |b nc  |2 rdacarrier 
500 |a Includes index. 
504 |a Bibliography: pages 247-258. 
536 |a From the library of Dr. James H. Copp, February 2004. 
650 0 |a Social movements  |v Congresses. 
650 0 |a Infrastructure (Economics)  |v Congresses. 
650 0 |a Social control  |v Congresses. 
700 1 |a Zald, Mayer N. 
700 1 |a McCarthy, John D.  |q (John David),  |d 1940- 
999 |a MARS 
999 f f |s 8e992bd7-b271-3cf4-b845-a62e3ae2d850  |i ab83cebe-cb4d-3c1b-8ee3-e8e93b3673f4  |t 0 
952 f f |p normal  |a Texas A&M University  |b College Station  |c Sterling C. Evans Library  |d Evans: Library Stacks  |t 0  |e HN16 .F77 1977  |h Library of Congress classification  |i unmediated -- volume  |m A14831171425 
998 f f |a HN16 .F77 1977  |t 0  |l Evans: Library Stacks